Pokémon - Les attaques de Kapoera - Statistiques

Statistiques générales
  • Ce quiz a été pris 18 fois
  • Le résultat moyen est 9 sur 19
Statistiques - réponses
Niveaux Types Noms des attaques % Correct
Départ Normal Charge
92%
Niveau 36 Combat Close Combat
85%
Départ Évolution Combat Triple Pied
85%
Départ Normal Bluff
62%
Départ Normal Puissance
62%
Départ Normal Tour Rapide
62%
Niveau 4 Normal Vive-Attaque
62%
Niveau 12 Combat Détection
54%
Niveau 21 Combat Prévention
54%
Niveau 32 Sol Tunnel
46%
Niveau 21 Roche Garde Large
38%
Niveau 28 Psy Hâte
38%
Niveau 40 Combat Riposte
31%
Niveau 24 Ténèbres Coup Bas
23%
Départ Normal Coup d'Main
23%
Niveau 44 Normal Effort
23%
Niveau 8 Acier Gyroballe
23%
Niveau 16 Combat Vendetta
23%
Départ Normal Ruse
15%
Aucun quiz correspondant
Distribution des résultats
% des personnes avec chaque résultat
Percentile par nombre de réponses
Votre historique - résultats
Vous n’avez pas pris ce quiz